000 00657nam a2200217 i 4500
001 129941
003 ES-MaACL
005 20260210161951.0
007 t|
008 070712s1955 sp ||||1| spa d
100 1 _aZulueta y Enriquez, Manuel María.
_9118480
245 1 0 _aDerecho agrario /
_cManuel María de Zulueta.
250 _a[1ª ed.].
260 _aBarcelona :
_bSalvat,
_c1955.
300 _aXVI, 488 p. ;
_c22 cm.
490 1 _aColección agrícola Salvat
650 1 4 _aDerecho agrario-
_zEspaña
_911649
830 0 _aColección agrícola Salvat
_9181203
852 _aES-MaACL
_jC-10274
_bR.38645
999 _c129941
_d129941